• 首页
  • 本馆介绍
  • 公告通知
  • 最新文献
  • 馆藏检索
  • 电子资源
  • 读者导购
  • 参考咨询
  • 我的图书馆
  • 登录
  • 详细信息显示
  • 放入我的书架
  • 预约/预借图书
  • 作者相关作品
  • 分类相关作品
  • 丛书相关作品
  • 出版社相关作品

书目信息

  • 表格格式
  • 工作单格式
  • 卡片格式
题名:
古籍目录
    
 
作者: ;国家出版局版本图书馆 编
分册:  
出版信息: 北京   中华书局  1980
页数: 498页
开本: 19cm
丛书名:
单 册:
中图分类: Z852.54
科图分类:
主题词: 出版发行目录--中国--现代
电子资源:
ISBN:
000 00792nam0 2200241 45
001 0180003936
005 20050509092016.9
010    @dCNY3.10
091    @a17018.91
100    @a19950530d1980 em y0chiy0121 ea
101 0  @achi
102    @aCN@b110000
105    @ay b 000yy
200 10 @a古籍目录@Agu ji mu lu@e1949年10月至1976年12月@E1949 Nian 10 Yue Zhi 1976 Nian 12 Yue@f国家出版局版本图书馆编@FGuo Jia Chu Ban Ju Ban Ben Tu ShuGuan Bian
210    @a北京@c中华书局@d1980
215    @a498页@d19cm
517    @a1949年10月至1976年12月@A1949 Nian 10 Yue Zhi 1976 Nian 12 Yue
606    @a出版发行目录@x中国@z现代
690    @aZ852.54@v3
711 02 @a国家出版局版本图书馆@4编
801  0 @aCN@b上海图书馆@c20040511
801  2 @aCN@bNLC@c20040511
905    @dZ852.54@e40@f1@b142853
    
    古籍目录:1949年10月至1976年12月/国家出版局版本图书馆编.-北京:中华书局,1980
    498页;19cm
    
    
    ISBN :CNY3.10
    
●
相关链接 在E读中查询图书 在五车中查询图书 在当当中查询图书 在豆瓣中查询图书


正题名:古籍目录     索取号:Z852.54/40         预约/预借

序号 登录号 条形码 馆藏地/架位号 状态 备注
1 0142853   002029085   第三借阅区/ [索取号:Z852.54/40] 在馆    
唐山师范学院图书馆 欢迎您!
大连网信软件有限公司© 版权所有